Eu Sou o Superman (Registo nº 201432)
[ vista simples ]
| 000 -Etiqueta do registo | |
|---|---|
| Valores | 00746nam 22002413 4500 |
| 010 ## - Número ISBN | |
| ISBN | 989-50-0624-1 |
| 021 ## - Número do Depósito Legal | |
| Código do país | Portugal |
| Número | 242318/06 |
| 100 ## - Dados gerais de processamento | |
| Dados gerais | 20260320d u||y0pory50 ba |
| 101 ## - Língua de publicação | |
| Língua | Português |
| 200 ## - Titulo e menção de responsabilidade | |
| Título próprio | Eu Sou o Superman |
| Primeira menção de responsabilidade | Brent Sudduth |
| Outras menções de responsabilidade | Ilustração de Tommy Lee Edwards |
| 210 ## - Publicação | |
| Local de publicação | Rio de Mouro |
| Nome do editor | Everest Editora |
| Data de publicação | 2006 (imp.) |
| 215 ## - Descrição física | |
| Paginação / Volumes | [28] p. : todo il. |
| Outras indicações físicas | Brochado |
| Dimensões | 21 x 21 cm |
| 225 ## - Colecção | |
| Título próprio da colecção | Superman returns |
| 300 ## - Notas gerais | |
| Texto da nota | Infantil |
| 606 ## - Nome comum usado como assunto | |
| ID Autoridade | 47 |
| Palavra de ordem | Literatura Infantil Americana |
| 675 ## - CDU | |
| Notação | 821.111(73)-93/SUD/SOU |
| Edição | PT |
| Língua | por |
| 700 ## - Autor principal (pessoa individual) | |
| ID Autoridade | 16929 |
| Apelido | Sudduth |
| Nome | Brent |
| 701 ## - Co-autor principal (pessoa individual) | |
| ID Autoridade | 16930 |
| Apelido | Edwards |
| Nome | Tommy Lee |
| 801 ## - Fonte de origem | |
| País | PT |
| Agência | BMMN |
| Regras de catalogação | RPC |
| 830 ## - Notas gerais do catalogador | |
| Criado por | Carlos Pinto |
| Data de criação | 20-03-2026 |
| Indexado por | Carlos Pinto |
| 990 ## - Elementos KOHA | |
| Tipo de documento | Livro |
| Situação do levantamento | Biblioteca de origem | Código de barras | Cota | Permissão de empréstimo | Tipo de documento | Forma de aquisição |
|---|---|---|---|---|---|---|
| Biblioteca Escolar Ciborro | 30754 | 821.111(73)-93/SUD/SOU | Livro | Oferta |